[Event "ROM-chT (Women)"]
[Site "Mamaia"]
[Date "2015.10.08"]
[Round "6.2"]
[White "Trimbitaru, Cornelia"]
[Black "Bucur, Denisa Andreea"]
[Result "0-1"]
[WhiteElo "1451"]
[BlackElo "1805"]
[PlyCount "66"]
[EventDate "2015.10.03"]
[EventType "team-tourn"]
[EventRounds "9"]
[EventCountry "ROU"]
[SourceTitle "CBM 168 Extra"]
[Source "ChessBase"]
[SourceDate "2015.10.29"]
[SourceVersion "1"]
[SourceVersionDate "2015.10.29"]
[SourceQuality "1"]
[WhiteTeam "Galati Smart (W)"]
[BlackTeam "Bucharest CSM (W)"]
[WhiteTeamCountry "ROU"]
[BlackTeamCountry "ROU"]

1. d4 d5 2. c4 dxc4 3. e3 Nf6 4. Bxc4 a6 5. a3 e6 6. b4 a5 7. b5 Nbd7 8. Nc3 Nb6 9. Bd3 Bd7 10. Nf3 c5 11. bxc6 Bxc6 12. 0-0 Bd6 13. e4 Be7 14. Bb2 0-0 15. Qc2 h6 16. e5 Nfd5 17. Nxd5 Qxd5 18. Rfe1 Rac8 19. Be4 Qb5 20. Bxc6 Rxc6 21. Qe2 Nc4 22. Nd2 Qxb2 23. Nxc4 Qxe2 24. Rxe2 Rxc4 25. Rd2 Rfc8 26. Rdd1 Rd8 27. Rdb1 Rcxd4 28. h3 R8d7 29. Rb5 Ra4 30. Rb3 Bc5 31. Rc3 Bd4 32. Rc8+ Kh7 33. Rb8 Bxa1 0-1

[Event "ROM-chT (Women)"]
[Site "Mamaia"]
[Date "2015.10.06"]
[Round "4.1"]
[White "Trimbitaru, Cornelia"]
[Black "Stanciu, Andreea Briana"]
[Result "0-1"]
[WhiteElo "1451"]
[BlackElo "2003"]
[PlyCount "46"]
[EventDate "2015.10.03"]
[EventType "team-tourn"]
[EventRounds "9"]
[EventCountry "ROU"]
[SourceTitle "CBM 168 Extra"]
[Source "ChessBase"]
[SourceDate "2015.10.29"]
[SourceVersion "1"]
[SourceVersionDate "2015.10.29"]
[SourceQuality "1"]
[WhiteTeam "Galati Smart (W)"]
[BlackTeam "Bucharest Apa Nova (W)"]
[WhiteTeamCountry "ROU"]
[BlackTeamCountry "ROU"]

1. d4 d5 2. c4 c6 3. Nf3 Nf6 4. Bg5 Ne4 5. Bh4 Bf5 6. e3 Qa5+ 7. Nbd2 e6 8. a3 Nd7 9. Be2 h6 10. 0-0 g5 11. Nb3 Qc7 12. Bg3 Nxg3 13. fxg3 Bd6 14. c5 Be7 15. Nbd2 h5 16. Ne1 g4 17. Nc2 Bg5 18. Kf2 Nf6 19. b4 h4 20. Ra2 hxg3+ 21. hxg3 Qxg3+ 22. Kxg3 Bh4+ 23. Kf4 Nh5+ 0-1

[Event "Braila Albulet Memorial (Women) 8th"]
[Site "Braila"]
[Date "2015.09.16"]
[Round "9"]
[White "Ciungan, Diana Alexandra"]
[Black "Trimbitaru, Cornelia"]
[Result "1/2-1/2"]
[WhiteElo "1806"]
[BlackElo "1432"]
[PlyCount "58"]
[EventDate "2015.09.10"]
[EventType "swiss"]
[EventRounds "9"]
[EventCountry "ROU"]
[SourceTitle "EXT 2016"]
[Source "ChessBase"]
[SourceDate "2015.10.08"]
[SourceVersion "1"]
[SourceVersionDate "2015.10.08"]
[SourceQuality "1"]

1. e4 c5 2. Nf3 e6 3. d4 cxd4 4. Nxd4 a6 5. Bd3 Qc7 6. 0-0 Nf6 7. Re1 d6 8. Kh1 b5 9. f4 Nfd7 10. c3 Bb7 11. a4 bxa4 12. Qxa4 Be7 13. Qd1 0-0 14. e5 dxe5 15. fxe5 Nxe5 16. Bf4 Bd6 17. Bxh7+ Kxh7 18. Qh5+ Kg8 19. Bxe5 Bxe5 20. Rxe5 Nc6 21. Re3 Nxd4 22. Rh3 f6 23. Nd2 Nf5 24. Re1 Qc6 25. Nf3 Rad8 26. Qh7+ Kf7 27. Qh5+ Kg8 28. Qh7+ Kf7 29. Qh5+ Kg8 1/2-1/2

[Event "Braila Albulet Memorial (Women) 8th"]
[Site "Braila"]
[Date "2015.09.15"]
[Round "8"]
[White "Trimbitaru, Cornelia"]
[Black "Matei, Ana Maria"]
[Result "1/2-1/2"]
[WhiteElo "1432"]
[BlackElo "1453"]
[PlyCount "49"]
[EventDate "2015.09.10"]
[EventType "swiss"]
[EventRounds "9"]
[EventCountry "ROU"]
[SourceTitle "EXT 2016"]
[Source "ChessBase"]
[SourceDate "2015.10.08"]
[SourceVersion "1"]
[SourceVersionDate "2015.10.08"]
[SourceQuality "1"]

1. d4 f5 2. c4 Nf6 3. Nf3 e6 4. Nc3 Be7 5. Bf4 d6 6. e3 0-0 7. Bd3 h6 8. h3 Nbd7 9. 0-0 a6 10. a3 Nh5 11. Nd2 Nxf4 12. exf4 Bf6 13. Nf3 Nb6 14. b4 c5 15. Be2 cxd4 16. Nxd4 Qc7 17. Qd3 Nxc4 18. Qxc4 Qxc4 19. Bxc4 Bxd4 20. Rac1 Bd7 21. Rfd1 Bxc3 22. Rxd6 Bxb4 23. Rxd7 Bxa3 24. Bxe6+ Kh8 25. Rcc7 1/2-1/2

[Event "ROM-ch U16 Girls"]
[Site "Calimanesti"]
[Date "2015.04.04"]
[Round "7"]
[White "Trimbitaru, Cornelia"]
[Black "Bejan, Clarisa Iustina"]
[Result "1/2-1/2"]
[WhiteElo "1449"]
[BlackElo "1590"]
[PlyCount "70"]
[EventDate "2015.03.30"]
[EventType "swiss"]
[EventRounds "9"]
[EventCountry "ROU"]
[SourceTitle "CBM 165 Extra"]
[Source "ChessBase"]
[SourceDate "2015.04.21"]
[SourceVersion "1"]
[SourceVersionDate "2015.04.21"]
[SourceQuality "1"]

1. d4 Nf6 2. c4 g6 3. Nc3 Bg7 4. Nf3 d6 5. h3 0-0 6. Bf4 Nbd7 7. e3 a6 8. Be2 Qe8 9. 0-0 e5 10. Bh2 Qe7 11. b4 Ne8 12. Qb3 Kh8 13. c5 dxc5 14. dxc5 f5 15. Rfe1 e4 16. Nd2 Ndf6 17. Rac1 Be6 18. Bc4 Bxc4 19. Nxc4 Qe6 20. Nd2 Qf7 21. Qa4 c6 22. Qc2 Nc7 23. Bxc7 Qxc7 24. Nc4 Rad8 25. Red1 Rfe8 26. Rxd8 Rxd8 27. Rd1 Re8 28. Nb6 Qf7 29. a4 Bf8 30. Qa2 Qg7 31. Qc4 Qe7 32. Qb3 Qe6 33. Qxe6 Rxe6 34. Rd8 Re8 35. Rxe8 Nxe8 1/2-1/2

[Event "ROM-ch U16 Girls"]
[Site "Calimanesti"]
[Date "2015.04.02"]
[Round "4"]
[White "Trimbitaru, Cornelia"]
[Black "Szijarto, Andreea Irene"]
[Result "1/2-1/2"]
[WhiteElo "1449"]
[BlackElo "1468"]
[PlyCount "41"]
[EventDate "2015.03.30"]
[EventType "swiss"]
[EventRounds "9"]
[EventCountry "ROU"]
[SourceTitle "CBM 165 Extra"]
[Source "ChessBase"]
[SourceDate "2015.04.21"]
[SourceVersion "1"]
[SourceVersionDate "2015.04.21"]
[SourceQuality "1"]

1. d4 d5 2. c4 dxc4 3. Nf3 Nf6 4. Nc3 a6 5. e3 e6 6. Bxc4 c5 7. dxc5 Qxd1+ 8. Kxd1 Bxc5 9. Ke2 Nbd7 10. Rd1 b6 11. Ke1 Bb7 12. Be2 0-0 13. a3 b5 14. Bd2 e5 15. Kf1 e4 16. Ne1 Ne5 17. h3 Rad8 18. Bc1 Rxd1 19. Nxd1 Rd8 20. b4 Bb6 21. Nb2 1/2-1/2

[Event "ROM-ch U16 Girls"]
[Site "Calimanesti"]
[Date "2015.04.01"]
[Round "3"]
[White "Trimbitaru, Cornelia"]
[Black "Popa, Andrada"]
[Result "1/2-1/2"]
[WhiteElo "1449"]
[BlackElo "1517"]
[PlyCount "53"]
[EventDate "2015.03.30"]
[EventType "swiss"]
[EventRounds "9"]
[EventCountry "ROU"]
[SourceTitle "CBM 165 Extra"]
[Source "ChessBase"]
[SourceDate "2015.04.21"]
[SourceVersion "1"]
[SourceVersionDate "2015.04.21"]
[SourceQuality "1"]

1. d4 Nf6 2. c4 g6 3. Nf3 Bg7 4. Nc3 0-0 5. Bg5 d6 6. e3 Bf5 7. Bd3 Bxd3 8. Qxd3 Nbd7 9. Qc2 h6 10. Bh4 e5 11. dxe5 Nxe5 12. Nxe5 dxe5 13. Qd1 c6 14. Qxd8 Raxd8 15. Rd1 g5 16. Bg3 Nh5 17. 0-0 f5 18. h3 f4 19. Bh2 Bf6 20. Rxd8 Rxd8 21. Rd1 Rxd1+ 22. Nxd1 e4 23. b3 Kf7 24. Kf1 Ke6 25. Ke1 Kd6 26. Kd2 Kc5 27. Nc3 1/2-1/2

[Event "ROM-ch U14 Girls"]
[Site "Calimanesti"]
[Date "2013.04.05"]
[Round "5"]
[White "Poama Covaci, Iulia"]
[Black "Trimbitaru, Cornelia"]
[Result "1-0"]
[WhiteElo "1346"]
[BlackElo "1454"]
[PlyCount "67"]
[EventDate "2013.04.02"]
[EventType "swiss"]
[EventRounds "9"]
[EventCountry "ROU"]
[SourceTitle "CBM 153 Extra"]
[Source "ChessBase"]
[SourceDate "2013.04.22"]
[SourceVersion "1"]
[SourceVersionDate "2013.04.22"]
[SourceQuality "1"]

1. e4 c5 2. Nf3 e6 3. d4 cxd4 4. Nxd4 a6 5. Nc3 Qc7 6. Bd3 Nf6 7. 0-0 Bc5 8. Nf3 d6 9. Bg5 Nbd7 10. a3 0-0 11. Rc1 Rb8 12. Re1 b5 13. h3 Bb7 14. Bd2 Rfd8 15. Na2 Re8 16. b4 Bb6 17. c4 Qd8 18. cxb5 axb5 19. Nc3 Ra8 20. Nxb5 Qe7 21. Qb3 Rec8 22. Bc3 Bc6 23. e5 dxe5 24. Nxe5 Bxb5 25. Bxb5 Qd6 26. Nc4 Qf4 27. Nxb6 Nxb6 28. Bb2 Rxc1 29. Rxc1 Rc8 30. Rxc8+ Nxc8 31. Qc3 Qb8 32. a4 h6 33. Bd7 Nxd7 34. Qxg7# 1-0